|
|
|
|
| LEADER |
00000cam a2200000 i 4500 |
| 001 |
1/81940 |
| 008 |
990519t1964 gr ||| | eng|| |
| 035 |
|
|
|l 10050982
|
| 040 |
|
|
|a GR-MyUA
|b gre
|e AACR2
|
| 041 |
0 |
|
|a eng
|
| 082 |
7 |
|
|a 888.86
|2 (22)
|
| 082 |
0 |
|
|a 398.8709495
|
| 100 |
1 |
|
|a Πουλιανός, Αλέξης Ι.
|
| 245 |
1 |
0 |
|a Λαϊκά τραγούδια της Ικαρίας /
|c Αλέξης Ι. Πουλιανός.
|
| 260 |
|
|
|a Αθήνα :
|b [χ.ό.],
|c c1964.
|
| 300 |
|
|
|a 327 σ. ;
|c 25 εκ.
|
| 500 |
|
|
|a Εισαγωγή, σχόλια, κείμενα.
|
| 504 |
|
|
|a Περιλαμβάνει βιβλιογραφία.
|
| 650 |
0 |
0 |
|a Folk songs, Greek
|z Greece
|z Ikaria (Municipality)
|
| 852 |
|
|
|a INST
|b LESVOS
|e 19990519
|h 398.8709495 ΠΟΥ
|p 005100016399
|q 005100016399
|t BK
|y 0
|
| 852 |
|
|
|a INST
|b LESVOS
|e 20000323
|h 398.8709495 ΠΟΥ
|p 005100020605
|q 005100020605
|t BK
|y 0
|
| 852 |
|
|
|a INST
|b SAMOS
|e 20230721
|h 888.86 ΠΟΥ
|p 005300047870
|q 005300047870
|t BK
|y 0
|
| 901 |
|
|
|a BIBL-1998-3
|
| 909 |
|
|
|a Λ
|b 051661
|
| 909 |
|
|
|a Λ
|b 072879
|
| 920 |
|
|
|a ΠΟΥΛΙΑΝΟΣ
|b ΑΛΕΞΗΣ
|y ΛΕΣΒΟΣ
|z 1998-03
|
| 920 |
|
|
|a ΔΩΡΕΑ ΒΙΒΛΙΟΘΗΚΗΣ
|y ΛΕΣΒΟΣ
|z 1999-12
|